01187nam a2200145Ia 4500003000400000005001700004008004000021040000700061041000800068082001800076100001600094245003600110260002400146520087100170OSt20260306112816.0210210b2000 xxu||||| |||| 00| 0 eng d cAL aeng a823.0872 BLYM aEnid Blyton aMystery of the missing necklace bNot Mentionedc2000 aWhy is Mr Goon, rushing around Peterswood looking extremely busy? The Find-Outers want to know why, and so ask their very good friend, Inspector Jenks, in the next town. He informs them that Peterswood is the meeting place of a very clever gang of jewel thieves. So the Find-Outers decide to try and help the police, by keeping their eyes open for anyone who looks suspicious. Fatty very cleverly disguises himself as an old man, sitting on a bench in the village so he can observe anything unusual without looking suspicious. The children soon learn a lot more than they'd hoped for, and this exciting mystery with its twists and turns have the children finally hunting for the missing necklace before one of the jewel thieves finds it. Once again Mr Goon is hot on the trail, but is he quick enough to find the necklace before the jewel thief and the Find-Outers?